মাধ্যমিক বিদ্যালয়ে সামাজিক বিজ্ঞান শিক্ষণ / (Record no. 45386)
[ view plain ]
| 000 -LEADER | |
|---|---|
| fixed length control field | 00814nam a22002177a 4500 |
| 001 - CONTROL NUMBER | |
| control field | 45386 |
| 003 - CONTROL NUMBER IDENTIFIER | |
| rucl marc code | BD-RjUL |
| 005 - DATE AND TIME OF LATEST TRANSACTION | |
| control field | 20211209054014.0 |
| 008 - FIXED-LENGTH DATA ELEMENTS--GENERAL INFORMATION | |
| fixed length control field | 160725s1975 bg ||||| |||| 00| 0 ben d |
| 035 ## - SYSTEM CONTROL NUMBER | |
| System control number | (BD-RjUL)45504 |
| 040 ## - CATALOGING SOURCE | |
| Original cataloging agency | BD-RjUL |
| Language of cataloging | ben |
| Transcribing agency | BD-RjUL |
| 041 ## - LANGUAGE CODE | |
| Language code of text/sound track or separate title | ben |
| 082 ## - DEWEY DECIMAL CLASSIFICATION NUMBER | |
| Edition number | 23 |
| Classification number | 301 |
| Author mark and year | KHM 1975 |
| 100 ## - MAIN ENTRY--PERSONAL NAME | |
| Personal name | খাতুন, শরিফা |
| 9 (RLIN) | 138955 |
| 245 10 - TITLE STATEMENT | |
| Title | মাধ্যমিক বিদ্যালয়ে সামাজিক বিজ্ঞান শিক্ষণ / |
| Statement of responsibility, etc. | শরিফা খাতুন |
| 260 ## - PUBLICATION, DISTRIBUTION, ETC. (IMPRINT) | |
| Place of publication, distribution, etc. | ঢাকা : |
| Name of publisher, distributor, etc. | বাংলা একাডেমী, |
| Date of publication, distribution, etc. | ১৯৭৫ |
| 300 ## - PHYSICAL DESCRIPTION | |
| Pagination | [২০], ৩৮৬ পৃ. ; |
| Size | ১৯ সেমি. |
| 650 ## - SUBJECT ADDED ENTRY--TOPICAL TERM | |
| Topical term or geographic name as entry element | সমাজ বিজ্ঞান |
| 9 (RLIN) | 138956 |
| Topical term or geographic name as entry element | Social Science |
| 9 (RLIN) | 138957 |
| 942 ## - ADDED ENTRY ELEMENTS (KOHA) | |
| Source of classification or shelving scheme | Dewey Decimal Classification |
| Koha item type | Books |
| Lost status | Source of classification or shelving scheme | Damaged status | Not for loan | Collection code | Permanent Location | Current Location | Shelving location | Date acquired | Source of acquisition | Cost, normal purchase price | Total Checkouts | Full call number | Date last seen | Copy number | Koha item type |
|---|---|---|---|---|---|---|---|---|---|---|---|---|---|---|---|
| Dewey Decimal Classification | Non-fiction | Central Library, University of Rajshahi | Central Library, University of Rajshahi | 23/08/1978 | Bangla Academy, Dhaka | 28.00 | B 301 KHM 1975 | 25/07/2016 | C-2 | Books |